Overwatch- capacitées par héros - Statistiques

Statistiques générales
  • Ce quiz a été pris 22 fois
  • Le résultat moyen est 15 sur 131
Statistiques - réponses
Hint Hint Réponse % Correct
Ana flechette hypodermique
65%
fatale grappin
59%
ana grenade biotique
59%
ashe Dynamite
53%
Cassidy roulade
47%
baptiste Champ d'immortalité
41%
ange Résurrection
41%
Cassidy grenade flash
35%
kiriko Suzu
35%
écho Vol
35%
D.va Micro-missiles
29%
Symmetra Téléporteur
29%
écho Bombes collantes
24%
Reinhardt Charge
24%
lucio Crossfade
24%
Mei Cryostase
24%
chacal Mine incapacitante
24%
Moira Orbe biotique
24%
Zenyatta Orbe de discorde
24%
kiriko Pas véloce
24%
Sombra Piratage
24%
illari pylone
24%
faucheur voie des ombres
24%
ange Ange gardien
18%
ashe Canon scié
18%
Soldat 76 Champ Biotique
18%
Sigma Concrétion
18%
Brigitte Fléau cinglant
18%
hanzo Flèche sonique
18%
faucheur Forme spectrale
18%
genji frappe du vent
18%
chopper Inhalateur
18%
D.va Matrice défensive
18%
Mei Mur de glace
18%
Chacal Piège d'acier
18%
Vital Plateforme de pétales
18%
Winston Propulseurs
18%
hanzo rafale
18%
Soldat 76 Roquettes LX
18%
bouldozer Roulé boulé
18%
Soldat 76 Sprint
18%
chopper Traquelard
18%
Sombra Virus
18%
Moira Volatilité
18%
Reine des jks Carnage
12%
Doomfist Direct d'enfer
12%
illari eruption
12%
hanzo escalade
12%
kiriko Escalade
12%
Reinhardt Frappe de feu
12%
juno Hyperanneau
12%
Orisa Javelot d'énergie
12%
chacal mauvais perdant
12%
kiriko O-fuda de guérison
12%
lucio Onde sonore
12%
Zenyatta Orbe d'harmonie
12%
Tracer Rappel
12%
Doomfist Uppercut
12%
lucio Wall ride
12%
bastion (OW1) Auto réparation
6%
Reinhardt Barrière
6%
juno Bottes Martiennes
6%
Brigitte Bouclier-écran
6%
Mauga Cent à l'heure
6%
Brigitte Charge de Bouclier
6%
Pharah Conflagration
6%
Zenyatta Coup de pied
6%
Sigma Écran expérimental
6%
D.va ejection
6%
baptiste exo bottes
6%
Danger garde hérissé
6%
brigitte inspiration
6%
fatale mines venimeuses
6%
Brigitte Module de réparation
6%
Doomfist Onde de choc
6%
bouldozer Pilonnage
6%
chopper Porcherie
6%
écho Rayon focalisé
6%
Pharah Réacteurs
6%
Orisa Rotation de Javelot
6%
baptsite Salve régénérante
6%
Torbjörn Surcharge
6%
Sojourn Tacle
6%
Sojourn Tir disruptif
6%
Symmetra Tourelle sentinelle
6%
lucio Volume max
6%
genji Agilité cybernétique
0%
Ramattra Barrière du vide
0%
Orisa Blindage
0%
bouldozer Bouclier dynamique
0%
Sojourn Canon électrique
0%
Sigma Captation cinétique
0%
Venture Castagne
0%
Reine des jks Cri de commandement
0%
Mauga Déferlement
0%
Torbjörn Déploiement de tourelle
0%
Orisa (OW1) Dispositif de Protection
0%
Zarya Écran de particules
0%
Zarya Écran généré
0%
Pharah Elan propulseur
0%
Vital Elan régénérant
0%
Vital Emprise salvatrice
0%
Zarya Energie
0%
Venture Enfouissement
0%
Venture Forage Rapide
0%
Mauga Fureur sacrée
0%
Sombra Furtivité
0%
Winston Générateur d'écran
0%
bastion Grenade tactique A-36
0%
bouldozer Griffe-crampon
0%
danger grimpe
0%
Orisa (OW1) Halte !
0%
hanzo impulsion
0%
Reine des jks Lame grantée
0%
Doomfist meilleure défense
0%
faucheur moisson
0%
Reine des jks Montée d'adrénaline
0%
danger mur dentelé
0%
écho Planeur
0%
bastion Reconfiguration
0%
genji riposte
0%
ange Saut de l'ange
0%
danger saut violent
0%
Pharah Stabilisateurs
0%
juno Torpilles à Neutrons
0%
Sombra Transducteur
0%
Tracer Transferts
0%
Ramattra Transformation
0%
D.va Turboréacteurs
0%
Venture Volonté d’exporter
0%
Ramattra Vortex vorace
0%
Aucun quiz correspondant
Distribution des résultats
% des personnes avec chaque résultat
Percentile par nombre de réponses
Votre historique - résultats
Vous n’avez pas pris ce quiz